Mussolini (le B) - Statistiques

Statistiques générales
  • Ce quiz a été pris 3 fois
  • Le résultat moyen est 4 sur 8
Statistiques - réponses
Hint Réponse % Correct
Son gars sûr Hitler
100%
Son club de foot préféré Lazio
67%
Son bled Rome
67%
Sa coiffure préféré La boule a Z
33%
Sa passion La castagne
33%
Son lieu de vacances préféré La Grèce
33%
Son blaze Le duce
33%
Son vetement préféré L'uniforme
33%
Aucun quiz correspondant
Distribution des résultats
% des personnes avec chaque résultat
Percentile par nombre de réponses
Votre historique - résultats
Vous n’avez pas pris ce quiz